MARC details
| 000 -CABECERA |
| campo de control de longitud fija |
01155cam a2200277 a 4500 |
| 001 - NÚMERO DE CONTROL |
| campo de control |
000013061 |
| 003 - IDENTIFICADOR DEL NÚMERO DE CONTROL |
| campo de control |
OSt |
| 005 - FECHA Y HORA DE LA ÚLTIMA TRANSACCIÓN |
| campo de control |
20200929163129.0 |
| 008 - DATOS DE LONGITUD FIJA--INFORMACIÓN GENERAL |
| campo de control de longitud fija |
940223s1954 uy r 000 0 spa |
| 040 ## - FUENTE DE LA CATALOGACIÓN |
| Centro catalogador/agencia de origen |
DO-SdBNP |
| Lengua de catalogación |
spa |
| Centro/agencia transcriptor |
BNPHU |
| 082 ## - NÚMERO DE LA CLASIFICACIÓN DECIMAL DEWEY |
| Número de clasificación |
352.895 |
| Número de documento/Ítem |
H174a |
| 100 1# - ENTRADA PRINCIPAL--NOMBRE DE PERSONA |
| Nombre de persona |
Hall, John Oliver, |
| Fechas asociadas al nombre |
1914-1998. |
| 9 (RLIN) |
30189 |
| 245 13 - MENCIÓN DE TÍTULO |
| Título |
La administración pública en el Uruguay : |
| Resto del título |
sugerencias para una reforma de la organización administrativa / |
| Mención de responsabilidad, etc. |
John O. Hall ; prólogo Rubén Correa Freitas. |
| 260 ## - PUBLICACIÓN, DISTRIBUCIÓN, ETC. |
| Lugar de publicación, distribución, etc. |
Montevideo, Uruguay : |
| Nombre del editor, distribuidor, etc. |
Instituto Nacional del Libro ; |
| -- |
Oficina Nacional del Servicio Civil ; |
| -- |
Fundacion Hanns Seidel, |
| Fecha de publicación, distribución, etc. |
1954. |
| 300 ## - DESCRIPCIÓN FÍSICA |
| Extensión |
109 p. ; |
| Dimensiones |
19 cm. |
| 490 1# - MENCIÓN DE SERIE |
| Mención de serie |
Reforma del Estado |
| Designación de volumen o secuencia |
1 |
| 500 ## - NOTA GENERAL |
| Nota general |
"Administracion publica en Uruguay: sugerencias para una reforma: mision Hall 1954"--Cover. |
| 500 ## - NOTA GENERAL |
| Nota general |
Este documento se terminó de imprimir en 1989. |
| 590 ## - NOTA LOCAL (RLIN) |
| Nota local |
Inventariado, 2020/ YL |
| 650 #4 - PUNTO DE ACCESO ADICIONAL DE MATERIA--TÉRMINO DE MATERIA |
| Término de materia o nombre geográfico como elemento de entrada |
Uruguay |
| Subdivisión general |
Administración pública |
| 9 (RLIN) |
30190 |
| 650 #4 - PUNTO DE ACCESO ADICIONAL DE MATERIA--TÉRMINO DE MATERIA |
| Término de materia o nombre geográfico como elemento de entrada |
Reforma del estado |
| Subdivisión geográfica |
Uruguay |
| 9 (RLIN) |
30191 |
| 700 1# - PUNTO DE ACCESO ADICIONAL--NOMBRE DE PERSONA |
| Nombre de persona |
Correa Freitas, Rubén, |
| Término indicativo de función/relación |
pról. |
| 9 (RLIN) |
30192 |
| 830 #0 - PUNTO DE ACCESO ADICIONAL DE SERIE-TÍTULO UNIFORME |
| Título uniforme |
Reforma del Estado |
| Número de parte o sección de la obra |
1 |
| 9 (RLIN) |
30193 |
| 910 ## - DATOS DE OPCIÓN DEL USUARIO (OCLC) |
| Datos de opción del usuario |
En proceso |
| 942 ## - ELEMENTOS DE PUNTO DE ACCESO ADICIONAL (KOHA) |
| Fuente del sistema de clasificación o colocación |
Dewey Decimal Classification |
| Tipo de ítem Koha |
Libros y folletos |